01354nam a2200361Ia 450000500170000000800410001702000340005802000300009202000300012202000300015208200180018224500960020025000180029630000670031450501040038165000350048565000360052065000410055670000300059770000280062770000240065570000280067970000280070770000370073570000390077294200130081126400300082433600270085433700330088133800280091404000350094299900150097720220317001416.0161108s2014 sp o g 000 0 spa  a9788449449857 (obra completa) a9788449449864 (volumen 1) a9788449449867 (volumen 2) a9788449449888 (volumen 3)04aR 920.02bG7100aGrandes personajes universalescÁngeles Arregui, Lluís Cànoves, Marta Esber [y otros] a1a. edición a3 volúmenesbfotografías, ilustraciones c26 cm e1 CD-ROM aVolumen 1. Arte / Literatura -- Volumen 2. Historia -- Volumen 3. Ciencia y técnica / Pensamiento142LEMBaPersonajesvBiografías142LEMBaPolíticosvBiografías142LEMBaHistoria universalxPersonajes1 aArregui, Ángeles9724381 aCànoves, Lluis9724391 aEsber, Marta9724401 aPascual, Marcelo9724411 aRomanillos, Pere9724421 aMontiel, Alejandrod1959-9724431 aVillalba, Maríaeeditora 972444 2ddccREF aBarcelonabOcéanoc2014 atextobtxt2rdacontent asin mediaciónbn2rdamedia avolumenbnc2rdacarrier aCO-BoRNBPbspaerdacCO-BoRNBP c6887d6887